Introduction à l'histoire de l'orthographe (notice n° 2151906)

détails MARC
000 -LEADER
fixed length control field 01529cam a2200145 4500500
005 - DATE AND TIME OF LATEST TRANSACTION
control field 20260405032043.0
041 ## - LANGUAGE CODE
Language code of text/sound track or separate title fre
042 ## - AUTHENTICATION CODE
Authentication code dc
100 10 - MAIN ENTRY--PERSONAL NAME
Personal name Cazal, Yvonne
Relator term author
245 00 - TITLE STATEMENT
Title Introduction à l'histoire de l'orthographe
260 ## - PUBLICATION, DISTRIBUTION, ETC.
Name of publisher, distributor, etc. Armand Colin,<br/>
Date of publication, distribution, etc. 2022.<br/>
520 ## - SUMMARY, ETC.
Summary, etc. « Un vieux donjon, entouré de fossés, de chaussetrapes et de herses. » C’est ainsi que l’historien de la langue et académicien Gaston Paris qualifiait l’orthographe du français. Plus de cent ans après, la forteresse semble toujours imprenable mais le temps n’est plus où les linguistes tenaient l’orthographe pour la science des ânes. Signe des temps : l’étude des systèmes graphiques est inscrite au programme des étudiants de licence et de master ; une « question de graphie » figure désormais aux concours de recrutement des enseignants de français. Cette introduction à l’histoire de l’orthographe s’inscrit dans cette actualité. Des exercices pratiques sur des exemples attestés, suivis de corrigés complets initient le lecteur à la méthode et aux outils actuels. Ce manuel apprend à décrire l’origine des différents graphèmes et les fonctions successives qu’ils ont reçues dans l’histoire. Il est le fruit des recherches des deux auteurs sur les manuscrits et imprimés du Moyen Âge à nos jours.
700 10 - ADDED ENTRY--PERSONAL NAME
Personal name Parussa, Gabriella
Relator term author
856 41 - ELECTRONIC LOCATION AND ACCESS
Uniform Resource Identifier <a href="https://shs.cairn.info/introduction-a-l-histoire-de-l-orthographe--9782200626518?lang=fr&redirect-ssocas=7080">https://shs.cairn.info/introduction-a-l-histoire-de-l-orthographe--9782200626518?lang=fr&redirect-ssocas=7080</a>

Pas d'exemplaire disponible.

PLUDOC

PLUDOC est la plateforme unique et centralisée de gestion des bibliothèques physiques et numériques de Guinée administré par le CEDUST. Elle est la plus grande base de données de ressources documentaires pour les Étudiants, Enseignants chercheurs et Chercheurs de Guinée.

Adresse

627 919 101/664 919 101

25 boulevard du commerce
Kaloum, Conakry, Guinée

Réseaux sociaux

Powered by Netsen Group @ 2025